Statistics for Marvel Characters A-Z

Click here to take the quiz!

General Stats

  • This quiz has been taken 54 times
  • The average score is 11 of 26

Answer Stats

LetterMarvel Character% Correct
AAnt-Man
96%
CCaptain America
87%
SSpider-Man
87%
IIron Man
84%
HHulk
80%
BBlack Panther
73%
TThor
73%
DDoctor Strange
62%
LLoki
51%
FFalcon
49%
QQuicksilver
49%
RRocket
42%
UUltron
36%
OOdin
29%
EElectro
27%
NNick Fury
27%
PProfessor X
27%
YYondu
22%
WWar Machine
20%
VVenom
16%
GGhost Rider
9%
JJane Foster
9%
KKorg
9%
MMorbius
7%
XX-Men Logan
4%
ZZeus
4%

Score Distribution

Percentile by Number Answered

Percent of People with Each Score

Your Score History

You have not taken this quiz